000
00238nam a22000857a 4500
999
_c
11451
_d
11451
008
190524b ||||| |||| 00| 0 eng d
020
_a
9789386365217
100
_9
7174
_a
SINGH.S.N
245
_a
GREAT NATIONALIST OF INDIA SARDAR VALLABHBHAI PATEL